| 000 | 00656nam a22001577a 4500 | ||
|---|---|---|---|
| 003 | OSt | ||
| 005 | 20150910111405.0 | ||
| 008 | 150910b xxu||||| |||| 00| 0 eng d | ||
| 040 | _cRUA | ||
| 082 | _aAGR ចាន់1995 B0011 Or.1 | ||
| 100 |
_9221 _aចាន់សីុំថា |
||
| 245 | _aវាយតំលៃលើប្រសិទ្ធភាពនៃថ្នាំកំចាត់សត្វល្ងិតដោយធម្មជាតិសំរាប់កសិករក្រីក្រនៅខេត្តកំពង់ឆ្នាំង | ||
| 260 |
_aPhonm Penh _bRUA _c1995 |
||
| 300 |
_a95p. _bill. _c29cm. |
||
| 942 |
_2ddc _cAGR |
||
| 999 |
_c205 _d205 |
||